Footballeurs en R - Statistiques

Statistiques générales
  • Ce quiz a été pris 133 fois
  • Le résultat moyen est 14 sur 20
Statistiques - réponses
Par images Réponse % Correct
Rami
100%
Rabiot
99%
Ronaldo
99%
Ribéry
98%
Ronaldinho
98%
Rodri
95%
Rooney
95%
Rodriguez
93%
Rakitic
85%
Ruffier
83%
Rivaldo
82%
Raul
76%
Rémy
64%
Rothen
61%
Raggi
43%
Ramé
35%
Roche
34%
Rocheteau
34%
Ramsey
32%
Rolan
19%
Aucun quiz correspondant
Distribution des résultats
% des personnes avec chaque résultat
Percentile par nombre de réponses
Votre historique - résultats
Vous n’avez pas pris ce quiz